[Event "Open A"]
[Site "Zadar CRO"]
[Date "2007.12.22"]
[Round "9"]
[White "Saric,Iv"]
[Black "Palac,M"]
[Result "1/2-1/2"]
[WhiteElo "2466"]
[BlackElo "2567"]

1.e4 c5 2.Nf3 e6 3.d4 cxd4 4.Nxd4 a6 5.Bd3 Bc5 6.Nb3 Be7 7.Qg4 g6 8.Qe2 d6
9.Be3 Nd7 10.N1d2 b6 11.a4 Qc7 12.Nc4 Ngf6 13.a5 bxa5 14.Bh6 Bf8 15.Bxf8 Kxf8
16.O-O Kg7 17.Rxa5 d5 18.exd5 Nxd5 19.f4 Rb8 20.f5 N7f6 21.fxe6 Bxe6 22.Nc5 Rbe8
23.Qe5 Qxe5 24.Nxe5 Bf5 25.Bxf5 Rxe5 26.Bd3 Nb4 27.Rxf6 Nxd3 28.cxd3 Rxc5
29.Rxf7+ Kxf7 30.Rxc5 Rb8 31.Rc7+ Ke6 32.Rc6+ Ke5 33.Rxa6 Rxb2 34.Ra7 Rd2
35.Rxh7 Rxd3 36.Rf7 Rd2 37.h3 Ke6 38.Rf3 Ra2 39.Kh2 g5 40.Kg3 Ra4 41.Rf2 Rb4
42.Kh2 Rb3 43.g4 Ra3 44.Rf5 Ra2+ 45.Kg3 Ra3+ 46.Kg2 Ra2+ 47.Rf2 Ra5 48.Rf3 Ra1
49.Kg3  1/2-1/2

[Event "37th Rilton Cup"]
[Site "Stockholm SWE"]
[Date "2007.12.28"]
[Round "2"]
[White "Ernst,T"]
[Black "Meskovs,N"]
[Result "1-0"]
[WhiteElo "2450"]
[BlackElo "2088"]

1.e4 c5 2.Nf3 e6 3.d4 cxd4 4.Nxd4 a6 5.Bd3 Qb6 6.c3 Nc6 7.O-O Bc5 8.Nb3 Be7
9.c4 d6 10.Nc3 Nf6 11.Be3 Qc7 12.Rc1 Ne5 13.Be2 b6 14.Nd2 Bb7 15.f4 Ned7
16.b4 Rc8 17.Bd3 Qb8 18.a3 Qa8 19.Qe2 O-O 20.Bd4 e5 21.fxe5 dxe5 22.Bf2 a5
23.Rb1 Rfe8 24.Nf3 Bf8 25.Nh4 g6 26.Qf3 Nh5 27.g3 Ng7 28.Be3 f5 29.Nd5 Bxd5
30.cxd5 Be7 31.exf5 Bxh4 32.gxh4 Rc3 33.Bb5 e4 34.Qf4 Qxd5 35.bxa5 Nxf5 36.Rfd1 Qa2
37.Ra1 Qb2 38.Rab1 Qa2 39.Bd2 Rf3 40.Qc7 Qxa3 41.Bxd7 Re7 42.axb6 Nd6 43.Rf1 Qd3
44.Qd8+ Kf7 45.Bg5  1-0

[Event "37th Rilton Cup"]
[Site "Stockholm SWE"]
[Date "2007.12.29"]
[Round "3"]
[White "Lindberg,Be"]
[Black "Agrest,E"]
[Result "1/2-1/2"]
[WhiteElo "2439"]
[BlackElo "2541"]

1.e4 c5 2.Nf3 e6 3.d4 cxd4 4.Nxd4 a6 5.Bd3 g6 6.O-O Bg7 7.Be2 d6 8.Nc3 Nf6
9.Be3 O-O 10.Qd2 Qc7 11.a4 b6 12.Rfd1 Bb7 13.f3 Nbd7 14.Nb3 d5 15.exd5 exd5
16.Bf1 Rfe8 17.Qf2 Bf8  1/2-1/2

[Event "Harmonie Open A"]
[Site "Groningen NED"]
[Date "2007.12.30"]
[Round "9"]
[White "Spoelman,W"]
[Black "De Jong,M"]
[Result "1/2-1/2"]
[WhiteElo "2445"]
[BlackElo "2341"]

1.e4 c5 2.Nf3 e6 3.d4 cxd4 4.Nxd4 a6 5.Bd3 Ne7 6.O-O Nbc6 7.Nxc6 Nxc6 8.f4 Be7
9.Be3 b5 10.a4 b4 11.Nd2 d6 12.Nc4 Rb8 13.a5 O-O 14.Kh1 Bb7 15.Qe2 d5 16.exd5 exd5
17.Nb6 Bf6 18.Rad1 d4 19.Bg1 Re8 20.Qg4 g6  1/2-1/2

[Event "37th Rilton Cup"]
[Site "Stockholm SWE"]
[Date "2007.12.31"]
[Round "5"]
[White "Blomqvist,E"]
[Black "Andersson,Fred2"]
[Result "1-0"]
[WhiteElo "2334"]
[BlackElo "2229"]

1.e4 c5 2.Nf3 e6 3.d4 cxd4 4.Nxd4 a6 5.Bd3 Bc5 6.Nb3 Be7 7.Qg4 g6 8.Qe2 d6
9.O-O Nd7 10.Na3 Qc7 11.Nc4 b6 12.a4 Ngf6 13.Bh6 Bf8 14.Qd2 Bxh6 15.Qxh6 Bb7
16.Rfe1 O-O-O 17.Qf4 e5 18.Qh4 Rhg8 19.Rad1 g5 20.Qh3 g4 21.Qh4 Rg6 22.Ne3 Nc5
23.Nxc5 Qxc5 24.Nd5 Nxd5 25.exd5 Qxd5 26.Bf5+  1-0

[Event "ch-AUS"]
[Site "Parramatta AUS"]
[Date "2008.01.02"]
[Round "1"]
[White "Malik,Ha"]
[Black "Ikeda,J"]
[Result "0-1"]
[WhiteElo "2009"]
[BlackElo "2201"]

1.e4 c5 2.Nf3 e6 3.d4 cxd4 4.Nxd4 a6 5.Bd3 Nc6 6.Nxc6 dxc6 7.O-O e5 8.Qh5 Qc7
9.Bg5 h6 10.Bc4 g6 11.Qh4 Bg7 12.Be3 g5 13.Qg3 Nf6 14.Nc3 b5 15.Bb3 a5 16.a3 Nh5
17.Qf3 Nf4 18.Bc5 h5 19.Qe3 Bf6 20.Rfd1 g4 21.Bd6 Qa7 22.Bc5 Qb7 23.Ne2 Ne6
24.Bxe6 Bxe6 25.Ng3 Qc8 26.Qd3 h4 27.Nf5 Bxf5 28.exf5 Qc7 29.Qe4 Rd8 30.Rxd8+ Kxd8
31.Qxg4 Kc8 32.Rd1 Rd8 33.h3 Kb7 34.Rxd8 Qxd8 35.Qe4 a4 36.Be3 Qd6 37.Qd3 Qxd3
38.cxd3 e4 39.dxe4 Bxb2 40.Bc5 Bc3 41.Be3 b4 42.Bc1 b3 43.g4 b2 44.Bxb2 Bxb2
45.g5 Bxa3 46.e5 Kc7  0-1

[Event "37th Rilton Cup"]
[Site "Stockholm SWE"]
[Date "2008.01.03"]
[Round "7"]
[White "Ruck,T"]
[Black "Luukkonen,T"]
[Result "1-0"]
[WhiteElo "2343"]
[BlackElo "2238"]

1.e4 c5 2.Nf3 e6 3.d4 cxd4 4.Nxd4 a6 5.Bd3 Nf6 6.O-O e5 7.Nf3 Nc6 8.Bg5 h6
9.Bxf6 Qxf6 10.Nc3 Bc5 11.Nd5 Qd8 12.c3 d6 13.a4 O-O 14.Nd2 Ne7 15.Nxe7+ Qxe7
16.Bc4 g6 17.Bd5 Kg7 18.Kh1 f5 19.f3 a5 20.Qe2 h5 21.Nb3 Bb6 22.Qb5 Ra6 23.Qd3 f4
24.Bc4 Ra8 25.Rad1 Bc7 26.Nd2 g5 27.Rfe1 g4 28.Nf1 h4 29.Qe2 Qg5 30.h3 gxh3
31.gxh3 Kh8 32.Qg2 Qxg2+ 33.Kxg2 Bd7 34.Ra1 Rg8+ 35.Bxg8 Rxg8+ 36.Kh2 Bb6
37.Re2 Bg1+ 38.Kh1 Bxh3 39.Nd2 Bc5 40.Nb3 Bb6 41.Rd1 Rg3 42.Rxd6 Bf1 43.Red2 Be3
44.Rd8+ Kh7 45.R2d7+ Rg7 46.Nd2 Be2 47.Rxg7+ Kxg7 48.Kg2 Kf6 49.b3 h3+ 50.Kxh3 Bxd2
51.Rxd2 Bxf3 52.Rd6+ Ke7 53.Rd5 Ke6 54.Rxa5 Bxe4 55.Kg4 Bc2 56.Rb5 Bd1+ 57.Kh3 e4
58.Rxb7 e3 59.Rb8 Kf5 60.a5 Bg4+ 61.Kg2 Be2 62.c4 Kg4 63.Rg8+ Kh4 64.Rf8 Kg4
65.a6 f3+ 66.Kg1 Kg3 67.a7 f2+ 68.Kh1  1-0

[Event "TCh-ISR"]
[Site "Israel ISR"]
[Date "2008.01.04"]
[Round "2"]
[White "Stisis,Y"]
[Black "Neimer,V"]
[Result "1/2-1/2"]
[WhiteElo "2390"]
[BlackElo "2309"]

1.e4 c5 2.Nf3 e6 3.d4 cxd4 4.Nxd4 a6 5.Bd3 Bc5 6.Nb3 Be7 7.c4 d6 8.O-O Nd7
9.f4 Ngf6 10.Nc3 Qc7 11.Be3 b6 12.Rc1 Bb7 13.Nd2 Rc8 14.b4 O-O 15.g4 d5 16.cxd5 Bxb4
17.g5 Bxc3 18.gxf6 Qd8 19.e5 Bxd2 20.Bxd2 Rxc1 21.Bxc1 Nxf6 22.d6 Ne4 23.Qc2 f5
24.Be2 Qd7 25.Be3 Rc8 26.Qb2 b5 27.Rc1 Kf7 28.a3 Ba8 29.Bf3 Bd5  1/2-1/2

[Event "5th TCh-Asia w"]
[Site "Visakhpatnam IND"]
[Date "2008.01.04"]
[Round "2"]
[White "Muminova,N"]
[Black "Sachdev,T"]
[Result "0-1"]
[WhiteElo "2164"]
[BlackElo "2417"]

1.e4 c5 2.Nf3 e6 3.d4 cxd4 4.Nxd4 a6 5.Bd3 Nf6 6.O-O Qc7 7.Qe2 d6 8.c4 g6
9.Nc3 Bg7 10.Rd1 O-O 11.Nf3 Nfd7 12.Bd2 Nc6 13.Rac1 Nde5 14.b3 f5 15.exf5 gxf5
16.Bb1 Nxf3+ 17.Qxf3 Ne5 18.Qh5 Bd7 19.Bh6 Rf7 20.h3 Raf8 21.Bf4 Qc6 22.Ne2 b6
23.Nd4 Qb7 24.b4 Rf6 25.c5 bxc5 26.bxc5 Rg6 27.g3 dxc5 28.Rxc5 Nc6 29.Nf3 Be8
30.Qh4 Bf6 31.Bg5 Bxg5 32.Nxg5 Qe7 33.Rdc1 Qxg5 34.Qxg5 Rxg5 35.Rxc6 Bxc6
36.Rxc6 f4 37.g4 h5 38.Rxe6 hxg4 39.h4 Rc5 40.Kg2 Rc1 41.Rg6+ Kf7 42.Bf5 Rc5
43.Rg5 Ke7 44.Rg7+ Rf7 45.Rxf7+ Kxf7 46.Bxg4 Rc3 47.Be2 a5 48.a4 Kg6 49.Kh2 Ra3
50.Bd1 Ra1 51.Bb3 Kh5 52.Kg2 Kxh4 53.Bc2 Kg4 54.f3+ Kh4 55.Bb3 Ra3 56.Bd1 Ra2+
57.Kf1 Kg3 58.Ke1 Ra1  0-1

[Event "5th TCh-Asia w"]
[Site "Visakhpatnam IND"]
[Date "2008.01.06"]
[Round "4"]
[White "Swathi,G"]
[Black "Pourkashiyan,A"]
[Result "0-1"]
[WhiteElo "2337"]
[BlackElo "2282"]

1.e4 c5 2.Nf3 e6 3.d4 cxd4 4.Nxd4 a6 5.Bd3 Bc5 6.Nb3 Ba7 7.Qe2 Nc6 8.Be3 d6
9.a4 Bxe3 10.Qxe3 Nf6 11.O-O d5 12.e5 Ng4 13.Qg3 h5 14.f4 g5 15.Nc3 Qb6+
16.Kh1 Qe3 17.Rf3 gxf4 18.Qh4 Qxe5 19.Raf1 Ne3 20.R1f2 Nf5 21.Qh3 Nd6 22.Rxf4 Bd7
23.Qh4 Rg8 24.Rf1 Qg5 25.Qf2 O-O-O 26.Nc5 Ne5 27.Nxa6 Nxd3 28.cxd3 d4 29.h4 Qa5
30.Rc1 Qxa6 31.Rxd4 Bc6 32.Ne2 Kb8  0-1

[Event "5th TCh-Asia w"]
[Site "Visakhpatnam IND"]
[Date "2008.01.07"]
[Round "5"]
[White "Ghader Pour,S"]
[Black "Sachdev,T"]
[Result "0-1"]
[WhiteElo "2185"]
[BlackElo "2417"]

1.e4 c5 2.Nf3 e6 3.d4 cxd4 4.Nxd4 a6 5.Bd3 Nf6 6.O-O Qc7 7.Qe2 d6 8.f4 g6
9.f5 Bg7 10.fxe6 fxe6 11.Nc3 Nc6 12.Nxc6 bxc6 13.e5 dxe5 14.Ne4 O-O 15.Nxf6+ Rxf6
16.Rxf6 Bxf6 17.Qf2 Bg7 18.Be4 Bb7 19.Qc5 Bf8 20.Qc3 Rb8 21.b3 Qd6 22.Bb2 Bg7
23.Qe3 Rd8 24.Bc3 Bf8 25.Kh1 Bh6 26.Qe2 Bc8 27.Bd3 Bg7 28.Be4 c5 29.Re1 Qc7
30.Qc4 Qe7 31.a3 Qd6 32.h3 Bh6 33.Kh2 Bd2 34.Re2 Bh6 35.Bd3 e4+ 36.g3 exd3
37.cxd3 Qxd3  0-1

[Event "ASEAN Masters Circuit GMA"]
[Site "Tarakan INA"]
[Date "2008.01.09"]
[Round "2"]
[White "Situru,N"]
[Black "Purnama,T"]
[Result "1-0"]
[WhiteElo "2375"]
[BlackElo "2383"]

1.e4 c5 2.Nf3 e6 3.d4 cxd4 4.Nxd4 a6 5.Bd3 Ne7 6.O-O Nbc6 7.Nxc6 Nxc6 8.Nc3 Be7
9.Be3 O-O 10.f4 d6 11.Qf3 Nb4 12.Rad1 Qc7 13.a3 Nxd3 14.Rxd3 Bd7 15.f5 Bb5
16.Nxb5 axb5 17.Qg4 exf5 18.exf5 Ra4 19.Qg3 Bf6 20.c3 Re8 21.Bd4 Bxd4+ 22.cxd4 f6
23.Re3 Raa8 24.Rfe1 Rxe3 25.Qxe3 Rc8 26.Qe6+ Kf8 27.h3 h6 28.d5 Qd8 29.Qe2 Rc5
30.Qd3 Qc7 31.Kh2 Rc1 32.Re6 Rc5 33.h4 Rc4 34.Qe3 Qd8 35.Qg3 Rc1 36.Qxd6+ Qxd6+
37.Rxd6 Rd1 38.Rd7 b6 39.d6 Rd3 40.g4 Rb3 41.Rb7 Rd3 42.Rxb6 Ke8 43.Kg2 Kd7
44.Rxb5 Kxd6 45.Rb7 Ke5 46.Rxg7  1-0

[Event "TCh-AUT 1st Bundesliga 2007-8"]
[Site "Jenbach AUT"]
[Date "2008.01.10"]
[Round "4"]
[White "Cvek,R"]
[Black "Horvath,Jo1"]
[Result "1/2-1/2"]
[WhiteElo "2532"]
[BlackElo "2519"]

1.e4 c5 2.Nf3 e6 3.d4 cxd4 4.Nxd4 a6 5.Bd3 Nc6 6.Nxc6 dxc6 7.Nd2 e5 8.Nc4 Nf6
9.O-O Qc7 10.Be3 Be6 11.Bb6 Qb8 12.Qf3 Nd7 13.a4 Be7 14.a5 O-O 15.Be3 Qc7
16.Nb6 Rad8 17.Bc4 Bxc4 18.Nxc4 Bc5 19.Rfd1 Bxe3 20.Qxe3 Nf6 21.f3 Rxd1+
22.Rxd1 Rd8 23.Rd3 Ne8 24.h3 f6 25.Kh2 Rd4 26.b3 Kf7 27.Qd2 Rxd3 28.Qxd3 Ke6
29.Qe3 Nd6 30.Qc5 Nxc4 31.Qxc4+ Kd6 32.Qg8 g6 33.b4 Qe7 34.c4 Kc7 35.c5 f5
36.Qh8 fxe4 37.fxe4 h5 38.g3 Qg5 39.h4 Qd2+ 40.Kh3 Qd7+ 41.Kh2 Qd2+ 42.Kh3 Qd7+  1/2-1/2

[Event "TCh-AUT 1st Bundesliga 2007-8"]
[Site "Jenbach AUT"]
[Date "2008.01.13"]
[Round "7"]
[White "Socko,B"]
[Black "Horvath,Cs1"]
[Result "1/2-1/2"]
[WhiteElo "2635"]
[BlackElo "2530"]

1.e4 c5 2.Nf3 e6 3.d4 cxd4 4.Nxd4 a6 5.Bd3 Nf6 6.Qe2 d6 7.O-O g6 8.Bg5 Bg7
9.Nd2 O-O 10.Kh1 h6 11.Bh4 e5 12.N4b3 Nc6 13.Rad1 Qc7 14.Nc4 d5 15.exd5 Nxd5  1/2-1/2

[Event "TCh-AUT 1st Bundesliga 2007-8"]
[Site "Jenbach AUT"]
[Date "2008.01.13"]
[Round "7"]
[White "Manik,M"]
[Black "Hulak,K"]
[Result "1/2-1/2"]
[WhiteElo "2433"]
[BlackElo "2552"]

1.e4 c5 2.Nf3 e6 3.d4 cxd4 4.Nxd4 a6 5.Bd3 Nf6 6.Qe2 d6 7.c4 g6 8.O-O Bg7
9.Nc3 O-O 10.Rd1 Qc7 11.Nf3 Nc6 12.h3 Nd7 13.Bd2 Nde5 14.Rac1 Bd7 15.Bf4 Rac8
16.b3 Qb8  1/2-1/2

[Event "6th Parsvnath Open"]
[Site "New Delhi IND"]
[Date "2008.01.13"]
[Round "1"]
[White "Sumant,S"]
[Black "Ghaem Maghami,E"]
[Result "0-1"]
[WhiteElo "1956"]
[BlackElo "2589"]

1.e4 c5 2.Nf3 e6 3.d4 cxd4 4.Nxd4 a6 5.Bd3 Nf6 6.O-O d6 7.Nc3 Be7 8.Be3 b5
9.f4 Qc7 10.Qe2 Bb7 11.Rad1 Nbd7 12.f5 e5 13.Nb3 O-O 14.Qf3 b4 15.Nd5 Nxd5
16.exd5 Nf6 17.Be4 Rac8 18.Rd2 a5 19.g4 a4 20.g5 Nxe4 21.Qxe4 axb3 22.f6 bxc2
23.Rg2 Bd8 24.Rg4 g6 25.Rh4 h5  0-1

[Event "6th Parsvnath Open"]
[Site "New Delhi IND"]
[Date "2008.01.13"]
[Round "2"]
[White "Gupte,M"]
[Black "Hossain,Enam"]
[Result "0-1"]
[WhiteElo "2151"]
[BlackElo "2522"]

1.e4 c5 2.Nf3 e6 3.d4 cxd4 4.Nxd4 a6 5.Bd3 Nf6 6.Qe2 d6 7.c4 g6 8.O-O Bg7
9.Rd1 O-O 10.Nc3 Qc7 11.Nf3 Nc6 12.h3 Nd7 13.Be3 Nde5 14.Rac1 Nxf3+ 15.Qxf3 Nd4
16.Qg3 Qd8 17.Bf1 e5 18.Ne2 Qb6 19.b3 f5 20.exf5 Bxf5 21.Nxd4 exd4 22.Bf4 Rf6
23.Bg5 Rf7 24.Bf4 Rd8 25.Re1 d3 26.Red1 Be5 27.Bxe5 dxe5 28.c5 Qf6 29.Qe3 e4
30.Rc4 h5 31.f3 exf3 32.Qxf3 Qe5 33.Qf4  0-1

[Event "6th Parsvnath Open"]
[Site "New Delhi IND"]
[Date "2008.01.14"]
[Round "3"]
[White "Konguvel,P"]
[Black "Anurag,M"]
[Result "1/2-1/2"]
[WhiteElo "2394"]
[BlackElo "2106"]

1.e4 c5 2.Nf3 e6 3.d4 cxd4 4.Nxd4 a6 5.Bd3 Bc5 6.Nb3 Be7 7.Qg4 g6 8.Qe2 d6
9.c4 Qc7 10.Nc3 Nd7 11.O-O b6 12.a4 Nc5 13.Bc2 Nxb3 14.Bxb3 Bb7 15.f3 Rc8
16.Kh1 h5 17.Qf2 Nf6 18.Be3 Nd7 19.f4 Bf6 20.Bd4 O-O 21.Rad1 Rcd8 22.Rd2 Kh7
23.Rfd1 Kg7 24.h3 Rh8 25.Ba2 Rhe8 26.Rf1 Bxd4 27.Qxd4+ Nf6 28.Rfd1 e5 29.fxe5 dxe5
30.Qe3 Rxd2 31.Rxd2 Rd8 32.Nd5 Qc5 33.Re2 Qxe3 34.Rxe3 b5 35.Nxf6 Kxf6 36.cxb5 axb5
37.axb5 Rd2 38.h4 Ke7 39.Bd5 Bxd5 40.exd5 Rxd5  1/2-1/2

[Event "ch-VEN"]
[Site "San Felipe VEN"]
[Date "2008.01.14"]
[Round "4"]
[White "Trujillo Villega,P"]
[Black "Soto Paez,O"]
[Result "1-0"]
[WhiteElo "2223"]
[BlackElo "2371"]

1.e4 c5 2.Nf3 e6 3.d4 cxd4 4.Nxd4 a6 5.Bd3 Bc5 6.Nb3 Ba7 7.Qg4 Nf6 8.Qg3 d6
9.Nc3 Nc6 10.Bg5 h6 11.Bd2 Ne5 12.O-O-O Qe7 13.Be2 g5 14.h4 g4 15.h5 b5 16.f4 gxf3
17.gxf3 Nc4 18.Bxc4 bxc4 19.Na5 Bc5 20.Nxc4 e5 21.Be3 Bxe3+ 22.Nxe3 Be6 23.Ned5 Bxd5
24.Nxd5 Nxd5 25.Rxd5 Kf8 26.Rg1 Qf6 27.Kb1 Ke7 28.Rgd1 Rhd8 29.Qf2 Rd7 30.c4 Rad8
31.c5 Ke8 32.Qd2 Ke7 33.cxd6+ Kf8 34.Qc3 Kg7 35.Rxe5 Rxd6 36.Rxd6 Rxd6 37.Rd5 Qxc3
38.bxc3 Rf6 39.Rf5 Rc6 40.Kc2 Kf8 41.Kd3 Ke7 42.c4 Ke6 43.c5 Rc8 44.Kc4 Rb8
45.Rd5 a5 46.c6 Rb2 47.Rxa5 Kd6 48.Ra6 Rf2 49.c7+ Kxc7 50.Rf6 Rxa2 51.Rxf7+ Kd6
52.Rf6+ Ke5 53.Rf5+ Ke6 54.Kd4 Rf2 55.Ke3 Rf1 56.Kf4 Rh1 57.Ra5 Kf7 58.Ke3 Rh3
59.Kf2 Rh1 60.Kg2 Re1 61.Ra6 Kg7 62.Rg6+ Kh7 63.Kg3 Rh1 64.Kg4 Rg1+ 65.Kf5 Rh1
66.Rg4 Rxh5+ 67.Kf6 Rh1 68.e5 h5 69.Rg7+ Kh6 70.Rg6+ Kh7 71.e6 Ra1 72.f4 h4
73.Rg4 h3 74.Rh4+ Kg8 75.Rxh3 Ra7 76.f5 Rb7 77.Re3 Kf8 78.Ra3 Rb8 79.Ra7 Kg8
80.Rg7+ Kh8 81.Rg1 Rf8+ 82.Ke5 Ra8 83.e7 Kh7 84.f6 Re8 85.Ke6  1-0

[Event "6th Parsvnath Open"]
[Site "New Delhi IND"]
[Date "2008.01.15"]
[Round "5"]
[White "Singh,G"]
[Black "Anurag,M"]
[Result "0-1"]
[WhiteElo "2292"]
[BlackElo "2106"]

1.e4 c5 2.Nf3 e6 3.d4 cxd4 4.Nxd4 a6 5.Bd3 Bc5 6.Nb3 Be7 7.O-O d6 8.Qg4 g6
9.Qg3 Nd7 10.Na3 Qc7 11.Rd1 h5 12.h4 Ngf6 13.Bg5 b6 14.Qf4 Bb7 15.c4 Rc8
16.Rac1 Kf8 17.Bb1 Kg7 18.Rc3 e5 19.Qf3 Nc5 20.Nxc5 dxc5 21.Rcd3 Rcd8 22.Qe2 Rxd3
23.Rxd3 Rd8 24.f3 Rxd3 25.Qxd3 Qd6 26.Qxd6 Bxd6 27.Kf2 Nd7 28.Bc2 Bc6 29.Nb1 f6
30.Bd2 Kf7 31.Nc3 Kf8 32.Bd3 Kf7 33.Bf1 Nf8 34.Nd5 Nd7 35.Nc3 Be7 36.g3 Bd8
37.Be3 Be7 38.Bh3 Bd8 39.Nd5 a5 40.b3 Nb8 41.Bc8 Bd7 42.Bxd7 Nxd7 43.Ke2 Nb8
44.Kd3 Nc6 45.a3 Ke6 46.Bf2 Kd7 47.Kc3 Kd6 48.f4 exf4 49.Nxf4 Ne5 50.Be3 Kc6
51.Bc1 Bc7 52.Nd5 Ng4 53.Bf4 Bd8 54.Ne3 g5 55.hxg5 fxg5 56.Nxg4 gxf4 57.Ne5+ Kd6
58.Nf3 fxg3 59.Kd3 h4 60.e5+ Ke6 61.Ke4 h3  0-1

[Event "Open A"]
[Site "Prague CZE"]
[Date "2008.01.15"]
[Round "6"]
[White "Weinzettl,E"]
[Black "Johansson,Th2"]
[Result "1-0"]
[WhiteElo "2305"]
[BlackElo "2155"]

1.e4 c5 2.Nf3 e6 3.d4 cxd4 4.Nxd4 a6 5.Bd3 Bc5 6.Nb3 Be7 7.Qg4 g6 8.Qe2 d6
9.Nc3 Nd7 10.a4 b6 11.O-O Bb7 12.Kh1 Qc7 13.Be3 Bf6 14.Rfd1 Bg7 15.a5 b5
16.Bxb5 axb5 17.Nxb5 Qb8 18.Nxd6+ Kf8 19.Qb5 Bc8 20.Qxb8 Rxb8 21.Nxc8 Rxc8
22.Rxd7 Nf6 23.Rb7 Nxe4 24.a6 Bxb2 25.Ra4 Nd6 26.Bc5 Rd8 27.Nd4 Kg7  1-0

[Event "ch-VEN w"]
[Site "San Felipe VEN"]
[Date "2008.01.15"]
[Round "4"]
[White "Otazo,A"]
[Black "Sequeda,N"]
[Result "0-1"]
[WhiteElo "1940"]
[BlackElo "2034"]

1.e4 c5 2.Nf3 e6 3.d4 cxd4 4.Nxd4 a6 5.Bd3 Nf6 6.O-O Qc7 7.Nc3 b5 8.a3 Bb7
9.Bg5 Be7 10.Kh1 d5 11.exd5 Nxd5 12.Nxd5 Bxd5 13.Bxe7 Qxe7 14.Nf5 Qg5 15.Nd6+ Ke7
16.Ne4 Qf4 17.Qe2 Nd7 18.a4 Ne5 19.Nc3 Bc6 20.Be4 Bxe4 21.Qxe4 Qxe4 22.Nxe4 b4
23.f4 Nc4 24.b3 Ne3 25.Rfc1 Nd5 26.g3 Rhc8 27.Ra2 Rc6 28.Kg1 f5 29.Nd2 Nc3
30.Raa1 Ne2+ 31.Kf2 Nxc1 32.Rxc1 Rd8 33.Ke2 Rcd6 34.Nc4 Rd4 35.a5 R8d5 36.Rb1 h6
37.h4 Kf6 38.Rb2 g5 39.hxg5+ hxg5 40.Kf3 Rd8 41.Rb1 gxf4 42.gxf4 Rh8 43.Ne5 Rh3+
44.Ke2 Rh2+ 45.Ke3 Re4+ 46.Kd3 Rh3+ 47.Kd2 Rxf4 48.Nd7+ Ke7 49.Nb8 Rf2+ 50.Kc1 Rc3
51.Rb2 Rf1+ 52.Kd2 Rf2+ 53.Kc1 Rf1+ 54.Kd2 Rf2+ 55.Kc1 Rh3 56.Kb1 Rh1+ 57.Ka2 Rf4
58.Nxa6 Kd6 59.Rb1 Rxb1 60.Kxb1 Kc6 61.Nb8+ Kb5 62.a6 Kb6 63.Kc1 Rh4 64.Kd2 Ka7
65.Nd7 Rd4+  0-1

[Event "6th Parsvnath Open"]
[Site "New Delhi IND"]
[Date "2008.01.16"]
[Round "6"]
[White "Udeshi,A"]
[Black "Hossain,Enam"]
[Result "0-1"]
[WhiteElo "2331"]
[BlackElo "2522"]

1.e4 c5 2.Nf3 e6 3.d4 cxd4 4.Nxd4 a6 5.Bd3 Nf6 6.O-O d6 7.c4 Be7 8.Nc3 O-O
9.Qe2 b6 10.Be3 Bb7 11.Rad1 Nbd7 12.f4 Qc7 13.f5 e5 14.Nc2 Nc5 15.Nb4 Rfc8
16.Bb1 Ncd7 17.b3 b5 18.Ncd5 Nxd5 19.cxd5 Qd8 20.Rc1 Bg5 21.Bxg5 Qxg5 22.Nc6 Nb8
23.h4 Qxh4 24.Na5 Qd8 25.b4 Nd7 26.Qe3 Rxc1 27.Rxc1 Rc8 28.Rxc8 Qxc8 29.Qa7 Ba8
30.Bd3 h5 31.a4 bxa4 32.Bxa6 Qd8 33.Kf1 Kh7 34.Nc6 Bxc6 35.dxc6 Qb6 36.Qxd7 Qxa6+
37.Kg1 Qc4 38.c7 Qc1+ 39.Kf2 Qd2+ 40.Kg3 Qf4+ 41.Kh3 h4  0-1

[Event "IM"]
[Site "Orsha BLR"]
[Date "2008.01.22"]
[Round "4"]
[White "Aliavdin,N"]
[Black "Kosov,Iv"]
[Result "0-1"]
[WhiteElo "2398"]
[BlackElo "2365"]

1.e4 c5 2.Nf3 e6 3.d4 cxd4 4.Nxd4 a6 5.Bd3 Qc7 6.O-O Nf6 7.Qe2 d6 8.c4 g6
9.Nf3 Bg7 10.Bf4 Nh5 11.Be3 Nd7 12.Nc3 Bxc3 13.bxc3 e5 14.Rfd1 Nc5 15.Bc2 f6
16.Rab1 Be6 17.Nd2 O-O 18.g3 Rac8 19.Bxc5 dxc5 20.Nf1 Rfd8 21.Ne3 Rxd1+ 22.Bxd1 Ng7
23.Qb2 Rb8 24.Qb6 Qxb6 25.Rxb6 Kf7 26.Nd5 f5 27.f3 Bd7 28.Nc7 Bc6 29.Nxa6 Rd8
30.Bb3 Ne6 31.exf5 gxf5 32.Kf2 Ke7 33.h4 h5 34.f4 exf4 35.gxf4 Kd7 36.Nb4 cxb4
37.cxb4 Kc7 38.c5 Nxf4  0-1

[Event "ch-AZE"]
[Site "Baku AZE"]
[Date "2008.01.23"]
[Round "4"]
[White "Durarbeyli,V"]
[Black "Guliyev,N"]
[Result "0-1"]
[WhiteElo "2392"]
[BlackElo "2570"]

1.e4 c5 2.Nf3 e6 3.d4 cxd4 4.Nxd4 a6 5.Bd3 Bc5 6.Nb3 Be7 7.Qg4 g6 8.Qe2 d6
9.f4 Nd7 10.Be3 b6 11.N1d2 Ngf6 12.O-O Bb7 13.Kh1 O-O 14.e5 dxe5 15.fxe5 Nxe5
16.Bh6 Neg4 17.Bxf8 Qc7 18.Nf3 Bxf8 19.Nbd2 Bd6 20.Ne4 Bxe4 21.Bxe4 Bxh2
22.Ng5 Rf8 23.Bf3 Bg1 24.g3 Be3 25.Nxh7 Qxg3 26.Bxg4 Kxh7 27.Rxf6 Kg7 28.Raf1 Rh8+
29.Bh5 Qh3+ 30.Qh2 Qxh2+ 31.Kxh2 Rxh5+ 32.Kg2 Rg5+ 33.Kh3 Rf5 34.R6xf5 gxf5
35.Kg2 f4 36.Rd1 f5 37.b4 Kf6 38.c4 e5 39.Kf3 e4+ 40.Ke2 Ke5 41.Rd5+ Ke6
42.Rd1 a5 43.a3 a4 44.Rd8 Bc1 45.Ra8 f3+ 46.Kf2 Ke5 47.c5 Kf4 48.c6 e3+ 49.Kf1 e2+
50.Kf2 Be3+ 51.Ke1 Bd4 52.Re8 Bc3+ 53.Kf2 Bf6 54.Ke1 Kg3 55.Rg8+ Kh3 56.Re8 Bh4+
57.Kd2 Bg3 58.Re7 Kg2 59.Re8 Bf4+ 60.Kd3  0-1

[Event "Winter Open"]
[Site "Belgrade SRB"]
[Date "2008.01.25"]
[Round "4"]
[White "Bulatovic,I"]
[Black "Lorens Ristovic,L"]
[Result "1/2-1/2"]
[WhiteElo "1846"]
[BlackElo "2103"]

1.e4 c5 2.Nf3 e6 3.d4 cxd4 4.Nxd4 a6 5.Bd3 Nc6 6.Nxc6 bxc6 7.c4 d5 8.cxd5 cxd5
9.O-O Nf6 10.Nc3 Be7 11.exd5 exd5 12.Re1 O-O 13.Bf4 Be6 14.Qe2 Qb6 15.Rac1 Rfe8
16.h3 Bb4 17.Qd1 d4 18.Na4 Qd8 19.Re2 Bd6 20.Bxd6 Qxd6 21.Nc3 g6 22.Ne4 Nxe4
23.Bxe4 Rac8 24.Rxc8 Rxc8 25.Rd2 Rd8 26.b3 a5 27.a4 Qb4 28.Bc2 Rd6 29.Kh1 Rd8
30.Kg1 Bc8 31.Bd3 Be6 32.Bc2 Qc5 33.Kh1 Qd5 34.Kg1 h5 35.Kh2 Bf5 36.Bd3 Bxd3
37.Rxd3  1/2-1/2

[Event "IMB2"]
[Site "Marianske Lazne CZE"]
[Date "2008.01.25"]
[Round "8"]
[White "Rudolf,An"]
[Black "Schneider,Ve"]
[Result "1/2-1/2"]
[WhiteElo "2242"]
[BlackElo "2250"]

1.e4 c5 2.Nf3 e6 3.d4 cxd4 4.Nxd4 a6 5.Bd3 Bc5 6.Nb3 Ba7 7.Qg4 Nf6 8.Qg3 d6
9.O-O Nc6 10.Nc3 b5 11.Rd1 Ne5 12.Be2 h5 13.Bf4 Nfg4 14.Bxg4 Nxg4 15.Rxd6 Qe7
16.Rd2 e5 17.Nd5 exf4 18.Qc3 Bxf2+ 19.Rxf2 Qa7 20.Nc7+ Kf8 21.Nd4 Nxf2 22.Nxa8 Qxa8
23.Kxf2 Rh6 24.Rd1 Bg4 25.Qc5+ Kg8 26.Re1 Qd8 27.h3 Qh4+ 28.Kf1 Be6 29.Nf3 Qd8
30.b3 Qc8 31.Qd4 Rg6 32.Rd1 Qxc2 33.Qd8+ Kh7 34.Rd2 Qc1+ 35.Rd1 Qc2 36.Rd2 Qc1+
37.Rd1 Qc2  1/2-1/2

[Event "Winter Open"]
[Site "Belgrade SRB"]
[Date "2008.01.26"]
[Round "5"]
[White "Marinkov,S"]
[Black "Pucarevic,M"]
[Result "0-1"]
[WhiteElo "2061"]
[BlackElo "2227"]

1.e4 c5 2.Nf3 e6 3.d4 cxd4 4.Nxd4 a6 5.Bd3 Nf6 6.O-O d6 7.c4 Nbd7 8.Nc3 g6
9.Be3 Bg7 10.Rc1 O-O 11.h3 b6 12.Re1 Bb7 13.Qd2 Nc5 14.Bg5 Qc7 15.Bc2 e5
16.Nf3 Ne6 17.Be3 Nf4 18.Nd5 N6xd5 19.cxd5 Qd8 20.Kh2 Bc8 21.Bb1 g5 22.g4 h6
23.Rc6 Qf6 24.Ng1 h5 25.f3 Qh6 26.Qd1 b5 27.Bc5 Rd8 28.Bb6 Re8 29.Re3 Bf8
30.Rec3 b4 31.Rb3 a5 32.a3 bxa3 33.Rxa3 a4 34.Bc2 Ba6 35.Bxa4 Reb8 36.Bb3 hxg4
37.fxg4 Be2 38.Qa1 Rxa3 39.Qxa3 Bxg4 40.Bc4 Bd7 41.Bc7 Qh4 42.Qe3 Rxb2+ 43.Be2  0-1

[Event "Winter Open"]
[Site "Belgrade SRB"]
[Date "2008.01.28"]
[Round "7"]
[White "Bozinovic,Bob"]
[Black "Pucarevic,M"]
[Result "1-0"]
[WhiteElo "2141"]
[BlackElo "2227"]

1.e4 c5 2.Nf3 e6 3.d4 cxd4 4.Nxd4 a6 5.Bd3 Nf6 6.O-O d6 7.c4 Nbd7 8.Nc3 Be7
9.Be3 Qc7 10.Rc1 O-O 11.f3 Re8 12.Qd2 b6 13.Rfd1 Bb7 14.Qf2 Rac8 15.Bf1 Qb8
16.Nb3 Bc6 17.Nd4 Ba8 18.Kh1 Bf8 19.Nb3 g6 20.Bg5 h6 21.Bf4 Nh5 22.Be3 Nc5
23.g4 Nf6 24.Nxc5 bxc5 25.b3 Rcd8 26.Bg2 Bg7 27.Rd3 Nd7 28.f4 Qb4 29.Bd2 Qa3
30.Rc2 Qb4 31.Nb5 axb5 32.Bxb4 cxb4 33.Rxd6 Nf6 34.Rxd8 Rxd8 35.Rd2 Rc8 36.Qe2 bxc4
37.bxc4 Bf8 38.e5 Bxg2+ 39.Kxg2 Nh7 40.Qe4 Rb8 41.Rd7 Bc5 42.Qc6 Nf8 43.Rxf7 Rd8
44.Rxf8+ Bxf8 45.Qxe6+ Kh7 46.Qf7+ Bg7 47.e6 Rd2+ 48.Kf3 Rxa2 49.e7  1-0

[Event "6th ch-PriFO Men"]
[Site "Kazan RUS"]
[Date "2008.01.30"]
[Round "8"]
[White "Filipenko,A"]
[Black "Iliushkin,E"]
[Result "1/2-1/2"]
[WhiteElo "2373"]
[BlackElo "2314"]

1.e4 c5 2.Nf3 e6 3.d4 cxd4 4.Nxd4 a6 5.Bd3 Nc6 6.Nxc6 bxc6 7.O-O d5 8.c4 Nf6
9.cxd5 cxd5 10.exd5 exd5 11.Nc3 Be7 12.Qa4+ Bd7 13.Qc2 h6 14.Rd1 Be6 15.Qa4+ Bd7
16.Qd4 Be6 17.b3 O-O 18.Bb2 Qc7 19.Rac1 Qa7 20.Na4 Qxd4 21.Bxd4 Nd7 22.Rc2 Ba3
23.Rcd2 Bb4 24.Re2  1/2-1/2

[Event "13th HIT Open A"]
[Site "Nova Gorica SLO"]
[Date "2008.01.31"]
[Round "8"]
[White "Pavasovic,D"]
[Black "Gonda,L"]
[Result "1/2-1/2"]
[WhiteElo "2601"]
[BlackElo "2507"]

1.e4 c5 2.Nf3 e6 3.d4 cxd4 4.Nxd4 a6 5.Bd3 Ne7 6.O-O Nbc6 7.Nb3 Ng6 8.f4 d6
9.Be3 Be7 10.N1d2 O-O 11.Qh5 b5 12.Rf3 e5 13.f5 Nf4 14.Bxf4 exf4 15.Rxf4 Bf6
16.Raf1 Bb7 17.Kh1 Re8 18.Nf3 h6 19.Rg4 Kf8 20.c3 Ne5 21.Nxe5 Rxe5 22.Nd4 Qc7
23.Nf3 Ree8 24.h4 Rad8 25.Ng5 hxg5 26.hxg5 Re5 27.gxf6 gxf6 28.Qh4 Ke7 29.Rg6 Kd7
30.Rxf6 Kc8 31.Rh6 d5 32.Rh8 Ree8 33.Rxe8 Rxe8 34.exd5 Qe5 35.f6 Qxd5 36.Bf5+ Kb8
37.Bh3 Qxa2 38.Rf2 Qb1+ 39.Kh2 Re1 40.Qf4+ Ka8 41.Rd2 Rh1+ 42.Kg3 Qe1+ 43.Qf2 Qe5+
44.Qf4 Qe1+ 45.Qf2 Qe5+  1/2-1/2